[Event "Bundesliga B Mitte 2008/2009"]
[Site "Leoben"]
[Date "2009.01.31"]
[Round "5"]
[Board "1"]
[White "Hajnal, Zoltan"]
[Black "Kozul, Zdenko"]
[Result "1/2-1/2"]
[WhiteElo "2417"]
[BlackElo "2594"]
[PlyCount "112"]
[EventDate "2008.10.11"]
[EventType "team"]
[EventRounds "11"]
[EventCountry "AUT"]
[WhiteTeam "ASK St. Valentin"]
[BlackTeam "ZH- Technologies Wolfsberg"]

1.e4 c5 2.Nf3 Nc6 3.d4 cxd4 4.Nxd4 Qb6 5.Nb3 Nf6 6.Nc3 e6 7.Bd3 a6 8.Be3 Qc7
9.f4 d6 10.Qf3 g6 11.g4 Bg7 12.O-O-O O-O 13.Kb1 Bd7 14.g5 Nh5 15.Ne2 Nb4 16.Rc1
Ba4 17.Bd2 Qb6 18.Be3 Qd8 19.Bd2 Nxd3 20.Qxd3 d5 21.e5 Bb5 22.Qf3 Bxe2 23.Qxe2
b5 24.Nd4 Qc7 25.Qf3 Rfe8 26.Ne2 a5 27.Ng3 Nxg3 28.hxg3 Rec8 29.g4 Qc4 30.Qh3
Kf8 31.Qxh7 Qe2 32.f5 exf5 33.gxf5 gxf5 34.Bf4 Qe4 35.e6 Qxe6 36.g6 Qxg6 37.Qh2
Ra6 38.Rcg1 Qf6 39.Rxg7 Qxg7 40.Qh8+ Qg8 41.Qe5 Re6 42.Qxd5 Qg7 43.Qxb5 Qd4
44.Qxf5 Rce8 45.Bc1 Re1 46.Rxe1 Rxe1 47.Qxa5 Qe3 48.Qa8+ Kg7 49.Qg2+ Kf6 50.Qc6+
Ke7 51.Qb7+ Ke6 52.Qc6+ Ke7 53.Qb7+ Ke6 54.Qc6+ Kf5 55.Qd5+ Kg4 56.Qg2+ Kf5

[Event "Bundesliga B Mitte 2008/2009"]
[Site "Leoben"]
[Date "2009.01.31"]
[Round "5"]
[Board "2"]
[White "Stevic, Hrvoje"]
[Black "Sandhoefner, Florian"]
[Result "1-0"]
[WhiteElo "2592"]
[BlackElo "2246"]
[PlyCount "45"]
[EventDate "2008.10.11"]
[EventType "team"]
[EventRounds "11"]
[EventCountry "AUT"]
[WhiteTeam "ZH- Technologies Wolfsberg"]
[BlackTeam "ASK St. Valentin"]

1.e4 c5 2.c3 Nf6 3.e5 Nd5 4.d4 cxd4 5.Nf3 Nc6 6.cxd4 d6 7.Bc4 Nb6 8.Bb5 Bd7
9.exd6 e6 10.Nc3 Bxd6 11.a3 O-O 12.O-O Rc8 13.Bd3 Be7 14.Bc2 Nd5 15.Qd3 g6
16.Bh6 Re8 17.Rfe1 Bf6 18.Ne4 Ncb4 19.axb4 Nxb4 20.Qd2 Nxc2 21.Ne5 Nxa1 22.Qf4
Bxe5 23.Qxe5

[Event "Bundesliga B Mitte 2008/2009"]
[Site "Leoben"]
[Date "2009.01.31"]
[Round "5"]
[Board "4"]
[White "Kaspret, Guido"]
[Black "Kranzl, Peter"]
[Result "1-0"]
[WhiteElo "2338"]
[BlackElo "2279"]
[PlyCount "75"]
[EventDate "2008.10.11"]
[EventType "team"]
[EventRounds "11"]
[EventCountry "AUT"]
[WhiteTeam "ZH- Technologies Wolfsberg"]
[BlackTeam "ASK St. Valentin"]

1.c4 Nf6 2.Nf3 g6 3.Nc3 Bg7 4.e4 d6 5.d4 O-O 6.Be2 e5 7.O-O exd4 8.Nxd4 Re8 9.f3
Nc6 10.Be3 Nh5 11.Nxc6 bxc6 12.Qd2 c5 13.Rad1 Bb7 14.Nd5 Qb8 15.b3 a5 16.Bg5
Bd4+ 17.Kh1 Bxd5 18.cxd5 Qb4 19.Qc2 Reb8 20.g4 Nf6 21.Bc4 Nd7 22.Bd2 Qa3 23.Bc1
Qb4 24.a4 Ne5 25.Bd2 Qb7 26.Bb5 c6 27.dxc6 Nxc6 28.Bf4 Nb4 29.Qc4 Qe7 30.Rxd4
cxd4 31.Qxd4 Rd8 32.Rd1 Rac8 33.Bxd6 Qh4 34.Bc4 Rd7 35.e5 Nc2 36.Qd2 Qh3 37.Qf4
Rf8 38.e6

[Event "Bundesliga B Mitte 2008/2009"]
[Site "Leoben"]
[Date "2009.01.31"]
[Round "5"]
[Board "5"]
[White "Heimberger, Reinhard"]
[Black "Wegerer, Fred"]
[Result "1/2-1/2"]
[WhiteElo "2256"]
[BlackElo "2239"]
[PlyCount "31"]
[EventDate "2008.10.11"]
[EventType "team"]
[EventRounds "11"]
[EventCountry "AUT"]
[WhiteTeam "ASK St. Valentin"]
[BlackTeam "ZH- Technologies Wolfsberg"]

1.g3 g6 2.Bg2 Bg7 3.e4 c5 4.Ne2 Nc6 5.O-O d6 6.c3 e5 7.d3 Nge7 8.Be3 O-O 9.Na3
Bg4 10.h3 Be6 11.Qd2 Qd7 12.Kh2 Rad8 13.Nc2 d5 14.Bxc5 dxe4 15.d4 f5 16.f4

[Event "Bundesliga B Mitte 2008/2009"]
[Site "Leoben"]
[Date "2009.01.31"]
[Round "5"]
[Board "6"]
[White "Waldmann, Gerald"]
[Black "Trauner, Rudolf"]
[Result "1/2-1/2"]
[WhiteElo "2188"]
[BlackElo "2213"]
[PlyCount "21"]
[EventDate "2008.10.11"]
[EventType "team"]
[EventRounds "11"]
[EventCountry "AUT"]
[WhiteTeam "ZH- Technologies Wolfsberg"]
[BlackTeam "ASK St. Valentin"]

1.e4 e6 2.d4 d5 3.Nd2 c5 4.Ngf3 cxd4 5.Nxd4 Nc6 6.Bb5 Bd7 7.N4b3 Nf6 8.O-O dxe4
9.Re1 Nb4 10.Bxd7+ Qxd7 11.a3

[Event "Bundesliga B Mitte 2008/2009"]
[Site "Leoben"]
[Date "2009.01.31"]
[Round "5"]
[Board "1"]
[White "Skoberne, Jure"]
[Black "Horvath, Peter"]
[Result "1-0"]
[WhiteElo "2489"]
[BlackElo "2445"]
[PlyCount "101"]
[EventDate "2008.10.11"]
[EventType "team"]
[EventRounds "11"]
[EventCountry "AUT"]
[WhiteTeam "ESV Austria Graz"]
[BlackTeam "SK Leoben"]

1.c4 e6 2.d4 Nf6 3.Nf3 d5 4.g3 dxc4 5.Bg2 Bb4+ 6.Bd2 a5 7.Qc2 Bxd2+ 8.Qxd2 c6
9.a4 Ne4 10.Qc2 Nd6 11.Nbd2 Na6 12.Nxc4 Nb4 13.Nxd6+ Qxd6 14.Qc3 O-O 15.Ne5 Qxd4
16.Qxd4 Nc2+ 17.Kd2 Nxd4 18.Kc3 Nf5 19.Rhd1 Ne7 20.e4 f6 21.Nc4 e5 22.Nb6 Rb8
23.Kc4 Be6+ 24.Kc5 Rbd8 25.Bf1 Kf7 26.Bc4 Bxc4 27.Nxc4 Nc8 28.Nb6 Ke7 29.Nxc8+
Rxc8 30.Kb6 c5 31.Rd5 Rc6+ 32.Kxa5 Rfc8 33.Kb5 c4 34.Rc1 Ke6 35.Rc3 f5 36.f3 g5
37.f4 exf4 38.Rxf5 fxg3 39.hxg3 h6 40.g4 Ke7 41.a5 Re6 42.e5 Rec6 43.Kb4 R8c7
44.Rcf3 Rc5 45.Rf7+ Ke6 46.R7f6+ Kd5 47.Re3 R5c6 48.Rxc6 Rxc6 49.e6 c3 50.bxc3
Rxe6 51.c4+

[Event "Bundesliga B Mitte 2008/2009"]
[Site "Leoben"]
[Date "2009.01.31"]
[Round "5"]
[Board "2"]
[White "Bokros, Albert"]
[Black "Sakelsek, Tadej"]
[Result "1-0"]
[WhiteElo "2475"]
[BlackElo "2403"]
[PlyCount "75"]
[EventDate "2008.10.11"]
[EventType "team"]
[EventRounds "11"]
[EventCountry "AUT"]
[WhiteTeam "SK Leoben"]
[BlackTeam "ESV Austria Graz"]

1.e4 e5 2.Nf3 Nc6 3.Bb5 a6 4.Ba4 Nf6 5.Qe2 Bc5 6.c3 O-O 7.d3 b5 8.Bb3 h6 9.Nbd2
d6 10.Nf1 Nh5 11.Ng3 Nxg3 12.hxg3 Be6 13.Be3 Bxe3 14.Qxe3 Bxb3 15.axb3 f5
16.exf5 Rxf5 17.g4 Rf4 18.g5 hxg5 19.g3 Rf5 20.Qe4 Ne7 21.Qg4 Qf8 22.Nxg5 Qf6
23.Rh5 g6 24.Ne4 Qg7 25.Rh2 a5 26.O-O-O a4 27.Rdh1 d5 28.Rh7 Qxh7 29.Rxh7 Kxh7
30.Qh4+ Kg8 31.Ng5 Ra6 32.g4 Rf4 33.bxa4 bxa4 34.Qh7+ Kf8 35.Qh8+ Ng8 36.Qxe5
Rxf2 37.Nh7+ Kf7 38.Qxd5+

[Event "Bundesliga B Mitte 2008/2009"]
[Site "Leoben"]
[Date "2009.01.31"]
[Round "5"]
[Board "3"]
[White "Aschenbrenner, Robert"]
[Black "Manca, Federico"]
[Result "1/2-1/2"]
[WhiteElo "2261"]
[BlackElo "2373"]
[PlyCount "130"]
[EventDate "2008.10.11"]
[EventType "team"]
[EventRounds "11"]
[EventCountry "AUT"]
[WhiteTeam "ESV Austria Graz"]
[BlackTeam "SK Leoben"]

1.e4 c5 2.Nc3 e6 3.f4 d5 4.Nf3 d4 5.Nb1 Nf6 6.d3 Nc6 7.Be2 Be7 8.O-O O-O 9.a4 a6
10.Bd2 b6 11.Na3 Bb7 12.Qe1 b5 13.Qg3 c4 14.Qh3 Qb6 15.Kh1 c3 16.bxc3 dxc3
17.Bxc3 Qe3 18.Bd2 Qb6 19.c3 Rad8 20.Nc2 bxa4 21.Rfb1 Qf2 22.Ng1 Qa7 23.Be3 Qa8
24.Rxa4 a5 25.Nf3 Ba6 26.Ncd4 Rb8 27.Raa1 Rxb1+ 28.Rxb1 Nxd4 29.Nxd4 Rb8
30.Rxb8+ Qxb8 31.Qf3 Qb2 32.Nc6 Bf8 33.Nxa5 Qa1+ 34.Qf1 Qxa5 35.c4 Bb4 36.Qb1 h5
37.h3 Bd2 38.Qb8+ Kh7 39.Bd4 Bc3 40.Bxc3 Qxc3 41.Qb1 g6 42.Qf1 Qd4 43.Qf3 Bb7
44.Kh2 Kg7 45.g4 h4 46.Bf1 Nd7 47.Kg2 f6 48.Qf2 e5 49.Qxh4 exf4 50.g5 fxg5
51.Qxg5 Qb2+ 52.Kg1 Qe5 53.Qxe5+ Nxe5 54.Kf2 Nc6 55.Kf3 g5 56.h4 Ne5+ 57.Kf2 g4
58.d4 g3+ 59.Ke2 Bxe4 60.dxe5 f3+ 61.Ke3 g2 62.Bxg2 fxg2 63.Kf2 Kh6 {Kg6!!}
64.e6 Kh5 65.e7 Bc6

[Event "Bundesliga B Mitte 2008/2009"]
[Site "Leoben"]
[Date "2009.01.31"]
[Round "5"]
[Board "4"]
[White "Dietmayer-Kraeutler, Marco"]
[Black "Fahrner, Kurt"]
[Result "0-1"]
[WhiteElo "2302"]
[BlackElo "2281"]
[PlyCount "90"]
[EventDate "2008.10.11"]
[EventType "team"]
[EventRounds "11"]
[EventCountry "AUT"]
[WhiteTeam "SK Leoben"]
[BlackTeam "ESV Austria Graz"]

1.d4 g6 2.c4 Bg7 3.Nc3 d6 4.e4 e5 5.Nf3 Nc6 6.d5 Nce7 7.b4 f5 8.Be2 Nf6 9.Nd2
O-O 10.Bf3 g5 11.exf5 e4 12.Ndxe4 g4 13.Bxg4 Nxg4 14.Qxg4 Bxf5 15.Qg3 Bxe4
16.Nxe4 Nf5 17.Qg4 Qh4 18.Qxh4 Nxh4 19.Rb1 Rae8 20.f3 Nxf3+ 21.gxf3 Rxf3 22.Rb3
Rxe4+ 23.Kd1 Rf5 24.Rg1 Kf7 25.Rh3 h5 26.Rhg3 Bf6 27.Rg6 Rxc4 28.Rh6 Rxd5+
29.Ke2 Rf5 30.Bd2 b5 31.a3 a6 32.Rh7+ Ke6 33.Rg8 Re4+ 34.Be3 Kd5 35.Kd2 c6
36.Ra8 Bc3+ 37.Kd3 Rf3 38.Kxc3 Rexe3+ 39.Kd2 Rd3+ 40.Ke2 Rfe3+ 41.Kf2 Rh3
42.Rxa6 Rxh2+ 43.Kg1 Ra2 44.Rxh5+ Ke4 45.Rh4+ Kf5

[Event "Bundesliga B Mitte 2008/2009"]
[Site "Leoben"]
[Date "2009.01.31"]
[Round "5"]
[Board "5"]
[White "Singer, Richard"]
[Black "Bachler, Reinhard"]
[Result "1/2-1/2"]
[WhiteElo "2280"]
[BlackElo "2241"]
[PlyCount "82"]
[EventDate "2008.10.11"]
[EventType "team"]
[EventRounds "11"]
[EventCountry "AUT"]
[WhiteTeam "ESV Austria Graz"]
[BlackTeam "SK Leoben"]

1.d4 e6 2.c4 c5 3.d5 exd5 4.cxd5 d6 5.Nc3 g6 6.Nf3 Bg7 7.e4 Nf6 8.Nd2 O-O 9.Be2
Re8 10.O-O b6 11.f4 Ba6 12.a4 Bxe2 13.Qxe2 Nxe4 14.Ncxe4 f5 15.Qf3 fxe4 16.Nxe4
Na6 17.Ng5 Nc7 18.f5 Qf6 19.fxg6 Qxg6 20.Qf7+ Qxf7 21.Nxf7 Nxd5 22.Nxd6 Re2
23.Nf5 Bd4+ 24.Kh1 Rf8 25.Bh6 Rfe8 26.Rad1 Ne3 27.Bxe3 Bxe3 28.Rd7 Rf2 29.Rxf2
Bxf2 30.g4 Re2 31.Rg7+ Kf8 32.Rxh7 Rxb2 33.g5 Bd4 34.h4 Rf2 35.Nxd4 cxd4 36.Rd7
Rf4 37.Kg2 Rxh4 38.Kg3 Re4 39.Kf3 Re5 40.Kf4 Ra5 41.Rxd4 b5

[Event "Bundesliga B Mitte 2008/2009"]
[Site "Leoben"]
[Date "2009.01.31"]
[Round "5"]
[Board "6"]
[White "Binder, Michael"]
[Black "Kubinger, Thomas"]
[Result "0-1"]
[WhiteElo "2170"]
[BlackElo "2200"]
[PlyCount "92"]
[EventDate "2008.10.11"]
[EventType "team"]
[EventRounds "11"]
[EventCountry "AUT"]
[WhiteTeam "SK Leoben"]
[BlackTeam "ESV Austria Graz"]

1.Nf3 Nf6 2.c4 c6 3.d4 d5 4.Nc3 a6 5.a4 a5 6.cxd5 Nxd5 7.e4 Nb4 8.Bc4 e6 9.Bg5
Be7 10.Bxe7 Qxe7 11.e5 O-O 12.Ne4 Nd7 13.Nd6 f6 14.O-O Nd5 15.Re1 fxe5 16.Nxc8
Raxc8 17.Nxe5 Nxe5 18.Rxe5 Qb4 19.b3 Rf6 20.Qe2 Rcf8 21.Rf1 Kh8 22.g3 Qc3 23.Qe4
Rf3 24.Rxe6 Nf6 25.Qh4 Qd2 26.Re7 b5 27.axb5 cxb5 28.Bxb5 Rxb3 29.Re2 Qb4 30.Bc6
Qc4 31.Re7 Qxc6 32.Qg5 Rg8 33.Qxa5 Qd6 34.Qe5 Qd5 35.Rc1 Rd3 36.Qxd5 Nxd5 37.Rd7
Nf6 38.Rd6 Ne4 39.Rd7 Rd2 40.Rf7 Rxd4 41.Rcc7 h6 42.Kg2 Rd2 43.h4 Rd6 44.Rfe7
Nf6 45.Rf7 Kh7 46.Rfe7 Kg6 {black was winning after some more moves}

[Event "Bundesliga B Mitte 2008/2009"]
[Site "Leoben"]
[Date "2009.02.01"]
[Round "6"]
[Board "1"]
[White "Szabo, Gergely-Andras-Gyula"]
[Black "Horvath, Peter"]
[Result "1/2-1/2"]
[WhiteElo "2506"]
[BlackElo "2445"]
[PlyCount "55"]
[EventDate "2008.10.11"]
[EventType "team"]
[EventRounds "11"]
[EventCountry "AUT"]
[WhiteTeam "Schachklub Sparkasse Fuerstenfeld"]
[BlackTeam "SK Leoben"]

1.e4 c5 2.Nf3 Nc6 3.c3 d5 4.exd5 Qxd5 5.d4 Bg4 6.Be2 cxd4 7.cxd4 e6 8.Nc3 Qa5
9.h3 Bh5 10.d5 exd5 11.Nd4 Nxd4 12.Bxh5 Ne6 13.O-O Nf6 14.Re1 g6 15.Bg4 Nxg4
16.Qxg4 Be7 17.Bh6 d4 18.Rxe6 fxe6 19.Qxd4 e5 20.Qg4 Qb5 21.Ne4 Rd8 22.Rc1 Qb6
23.Bg7 Rg8 24.Bxe5 Rf8 25.Rc3 h5 26.Qg3 Qe6 27.Rc7 Rd7 28.Rc8+

[Event "Bundesliga B Mitte 2008/2009"]
[Site "Leoben"]
[Date "2009.02.01"]
[Round "6"]
[Board "2"]
[White "Bokros, Albert"]
[Black "Kuba, Guenter"]
[Result "1/2-1/2"]
[WhiteElo "2475"]
[BlackElo "2397"]
[PlyCount "35"]
[EventDate "2008.10.11"]
[EventType "team"]
[EventRounds "11"]
[EventCountry "AUT"]
[WhiteTeam "SK Leoben"]
[BlackTeam "Schachklub Sparkasse Fuerstenfeld"]

1.e4 e5 2.Nf3 Nc6 3.Bb5 a6 4.Ba4 Nf6 5.O-O Be7 6.Qe2 b5 7.Bb3 O-O 8.c3 d5 9.d3
Bb7 10.Re1 Re8 11.Nbd2 Bf8 12.Nf1 h6 13.Ng3 Na5 14.Bc2 c5 15.Bd2 dxe4 16.dxe4
Nc4 17.Bc1 Nd6 18.Nd2

[Event "Bundesliga B Mitte 2008/2009"]
[Site "Leoben"]
[Date "2009.02.01"]
[Round "6"]
[Board "3"]
[White "Wach, Markus"]
[Black "Manca, Federico"]
[Result "1-0"]
[WhiteElo "2377"]
[BlackElo "2373"]
[PlyCount "127"]
[EventDate "2008.10.11"]
[EventType "team"]
[EventRounds "11"]
[EventCountry "AUT"]
[WhiteTeam "Schachklub Sparkasse Fuerstenfeld"]
[BlackTeam "SK Leoben"]

1.e4 c5 2.Nf3 Nc6 3.Bb5 e6 4.Bxc6 bxc6 5.d3 Ne7 6.Ng5 f6 7.Nh3 g6 8.f4 Bg7 9.O-O
O-O 10.Be3 d6 11.Nd2 f5 12.Rb1 fxe4 13.dxe4 Ba6 14.Re1 Rb8 15.Ng5 Qd7 16.Qg4 Bc8
17.Nc4 h6 18.Nf3 e5 19.Qxd7 Bxd7 20.fxe5 d5 21.Bxc5 dxc4 22.Bxe7 Rfe8 23.Bd6 Rb5
24.b3 Ra5 25.a4 cxb3 26.cxb3 g5 27.h3 c5 28.Rbc1 h5 29.Nxg5 Bh6 30.h4 Bxg5
31.hxg5 Be6 32.Re3 Rc8 33.Rf3 Kg7 34.Rfc3 c4 35.bxc4 Rxa4 36.c5 Rc6 37.Rb1 Rxe4
38.Rb7+ Kg6 39.Rxa7 Rg4 40.Be7 Bd5 41.Rc2 Re4 42.Bf6 Bc4 43.Ra5 Rc7 44.Kf2 Rd7
45.Ra1 Rf4+ 46.Kg1 Rc7 47.Re1 Be6 48.c6 Rd4 49.Kf2 Kf5 50.Re3 Kg6 51.Rec3 Kf5
52.Rf3+ Kg6 53.Bd8 Rxd8 54.Rf6+ Kxg5 55.Rxe6 Rd5 56.Rd6 Rxe5 57.Rd7 Rc8 58.c7
Ree8 59.Rc5+ Kg6 60.Kg3 Kf6 61.Rxh5 Ke6 62.Rhh7 Rg8+ 63.Kh3 Rcf8 64.Rdg7

[Event "Bundesliga B Mitte 2008/2009"]
[Site "Leoben"]
[Date "2009.02.01"]
[Round "6"]
[Board "4"]
[White "Dietmayer-Kraeutler, Marco"]
[Black "Kilgus, Georg"]
[Result "0-1"]
[WhiteElo "2302"]
[BlackElo "2349"]
[PlyCount "97"]
[EventDate "2008.10.11"]
[EventType "team"]
[EventRounds "11"]
[EventCountry "AUT"]
[WhiteTeam "SK Leoben"]
[BlackTeam "Schachklub Sparkasse Fuerstenfeld"]

1.d4 Nf6 2.c4 e6 3.Nc3 Bb4 4.Qc2 c5 5.dxc5 O-O 6.a3 Bxc5 7.Nf3 b6 8.b4 Be7 9.e4
a5 10.Rb1 axb4 11.axb4 Nc6 12.b5 Nb4 13.Qb3 d5 14.e5 Ne4 15.Nxe4 dxe4 16.Nd2 Bb7
17.Be2 Nd3+ 18.Bxd3 exd3 19.O-O Bc5 20.Qd1 Qh4 21.Nb3 Qxc4 22.Nxc5 bxc5 23.Be3
Qe4 24.Qf3 Qxf3 25.gxf3 c4 26.Rfc1 Rfc8 27.Rc3 Bxf3 28.b6 Bb7 29.Kf1 f6 30.Ke1
Ra4 31.exf6 gxf6 32.Kd2 Kf7 33.Rcc1 c3+ 34.Rxc3 Ra2+ 35.Kxd3 Ba6+ 36.Ke4 Rxc3
37.b7 Ra4+ 38.Kf3 Bxb7+ 39.Rxb7+ Kg6 40.Kg2 h5 41.Rb8 Rc7 42.Rg8+ Rg7 43.Rh8 Rh7
44.Rg8+ Kf5 45.h3 e5 46.Kf3 Rb4 47.Bc5 Rh4 48.Kg3 Rc4 49.Be3 {and black wins at
move 71}

[Event "Bundesliga B Mitte 2008/2009"]
[Site "Leoben"]
[Date "2009.02.01"]
[Round "6"]
[Board "6"]
[White "Binder, Michael"]
[Black "Radnetter, Georg"]
[Result "1/2-1/2"]
[WhiteElo "2170"]
[BlackElo "2189"]
[PlyCount "94"]
[EventDate "2008.10.11"]
[EventType "team"]
[EventRounds "11"]
[EventCountry "AUT"]
[WhiteTeam "SK Leoben"]
[BlackTeam "Schachklub Sparkasse Fuerstenfeld"]

1.Nf3 Nf6 2.c4 c5 3.Nc3 Nc6 4.g3 g6 5.d4 cxd4 6.Nxd4 Bg7 7.Bg2 O-O 8.O-O Nxd4
9.Qxd4 d6 10.Qd2 Rb8 11.b3 a6 12.a4 Bd7 13.Bb2 Bc6 14.a5 Bxg2 15.Kxg2 b6 16.Nd5
Ne4 17.Qc2 Bxb2 18.Qxb2 bxa5 19.Rfb1 e6 20.Nc3 Nc5 21.Qc2 Rb4 22.Qa2 Qa8+ 23.f3
Rfb8 24.Qxa5 Nxb3 25.Qxa6 Qxa6 26.Rxa6 Rxc4 27.Ne4 d5 28.Nf6+ Kg7 29.Nd7 Rb7
30.Ra3 Rxd7 31.Raxb3 h5 32.h4 Ra7 33.R3b2 d4 34.Kf2 e5 35.Rd2 Ra3 36.Rb5 Kf6
37.Rb6+ Kf5 38.Rdb2 Rac3 39.Rd6 Rc6 40.Rd5 Ke6 41.Ra5 f6 42.Rd2 Rb3 43.Ra1 Kf5
44.Ra5 Rb1 45.Rxd4 Rb2 46.Rf4+ Ke6 47.Re4 Rbc2

[Event "Bundesliga B Mitte 2008/2009"]
[Site "Leoben"]
[Date "2009.02.01"]
[Round "6"]
[Board "1"]
[White "Kozul, Zdenko"]
[Black "Skoberne, Jure"]
[Result "1-0"]
[WhiteElo "2594"]
[BlackElo "2489"]
[PlyCount "71"]
[EventDate "2008.10.11"]
[EventType "team"]
[EventRounds "11"]
[EventCountry "AUT"]
[WhiteTeam "ZH- Technologies Wolfsberg"]
[BlackTeam "ESV Austria Graz"]

1.d4 d5 2.c4 c6 3.Nc3 Nf6 4.e3 a6 5.Nf3 b5 6.c5 g6 7.Bd3 Bg7 8.Qc2 O-O 9.O-O
Nbd7 10.e4 b4 11.Na4 dxe4 12.Bxe4 Nxe4 13.Qxe4 Nf6 14.Qh4 Nd5 15.Re1 Bf5 16.Bh6
f6 17.Bxg7 Kxg7 18.Qg3 Qb8 19.Nd2 Qxg3 20.hxg3 Kf7 21.Nc4 Bd3 22.Na5 Bb5 23.Nb6
Nxb6 24.cxb6 Rab8 25.b7 Rfd8 26.Re4 f5 27.Re5 Ke8 28.Rc1 Rd6 29.d5 cxd5 30.Rc8+
Rd8 31.Rxb8 Rxb8 32.Rxd5 e6 33.Rd4 Ke7 34.b3 e5 35.Rxb4 Kd6 36.a4

[Event "Bundesliga B Mitte 2008/2009"]
[Site "Leoben"]
[Date "2009.02.01"]
[Round "6"]
[Board "2"]
[White "Sakelsek, Tadej"]
[Black "Stevic, Hrvoje"]
[Result "0-1"]
[WhiteElo "2403"]
[BlackElo "2592"]
[PlyCount "56"]
[EventDate "2008.10.11"]
[EventType "team"]
[EventRounds "11"]
[EventCountry "AUT"]
[WhiteTeam "ESV Austria Graz"]
[BlackTeam "ZH- Technologies Wolfsberg"]

1.e4 e5 2.Nf3 Nc6 3.Bb5 a6 4.Ba4 Nf6 5.O-O Be7 6.Re1 b5 7.Bb3 d6 8.c3 O-O 9.d4
Bg4 10.Be3 d5 11.exd5 exd4 12.cxd4 Nxd5 13.Nc3 Nxe3 14.fxe3 Na5 15.Bc2 c5 16.Qd3
g6 17.Ne5 Bf5 18.Ne4 Rc8 19.dxc5 Qc7 20.Nf3 Bxe4 21.Qxe4 Bxc5 22.Bb3 Rfe8 23.Qd3
Rcd8 24.Qc3 b4 25.Qf6 Nxb3 26.axb3 Rxe3 27.Rxe3 Bxe3+ 28.Kh1 Bc1

[Event "Bundesliga B Mitte 2008/2009"]
[Site "Leoben"]
[Date "2009.02.01"]
[Round "6"]
[Board "3"]
[White "Jovanovic, Zoran"]
[Black "Aschenbrenner, Robert"]
[Result "1-0"]
[WhiteElo "2558"]
[BlackElo "2261"]
[PlyCount "37"]
[EventDate "2008.10.11"]
[EventType "team"]
[EventRounds "11"]
[EventCountry "AUT"]
[WhiteTeam "ZH- Technologies Wolfsberg"]
[BlackTeam "ESV Austria Graz"]

1.e4 c5 2.Nf3 Nc6 3.Bb5 e6 4.O-O Nge7 5.b3 a6 6.Bxc6 Nxc6 7.Bb2 f6 8.Nh4 g6 9.f4
Be7 10.f5 Rg8 11.c4 b6 12.d3 Bb7 13.Qg4 exf5 14.Nxf5 Ne5 15.Bxe5 fxe5 16.Nc3 Bf8
17.Ne3 Rg7 18.Ncd5 Rf7 19.Qh3

[Event "Bundesliga B Mitte 2008/2009"]
[Site "Leoben"]
[Date "2009.02.01"]
[Round "6"]
[Board "4"]
[White "Fahrner, Kurt"]
[Black "Kaspret, Guido"]
[Result "1/2-1/2"]
[WhiteElo "2281"]
[BlackElo "2338"]
[PlyCount "127"]
[EventDate "2008.10.11"]
[EventType "team"]
[EventRounds "11"]
[EventCountry "AUT"]
[WhiteTeam "ESV Austria Graz"]
[BlackTeam "ZH- Technologies Wolfsberg"]

1.d4 d5 2.c4 c6 3.Nf3 e6 4.Qc2 f5 5.g3 Nf6 6.Bg2 Bd6 7.O-O O-O 8.b3 Qe7 9.Bb2
Bd7 10.Nbd2 Be8 11.e3 Nbd7 12.Ne5 Bh5 13.Rae1 Bb4 14.Nd3 Ba5 15.Bc3 Bxc3 16.Qxc3
Ne4 17.Qb2 Bf7 18.Nf3 Bh5 19.Nfe5 Nxe5 20.Nxe5 Nf6 21.Rc1 Nd7 22.Nd3 Bf7 23.Rfe1
h5 24.cxd5 exd5 25.b4 a6 26.Bf1 h4 27.Qb3 hxg3 28.hxg3 Nf6 29.Ne5 Ng4 30.f4 Nxe5
31.dxe5 g6 32.Kf2 Kg7 33.Qc3 Be6 34.Bg2 Rh8 35.Rh1 Rxh1 36.Rxh1 a5 37.bxa5 Qc7
38.Rb1 {Ld5: !!} Rxa5 39.a3 b6 40.Bf1 c5 41.Bb5 Ra8 42.Rh1 Qb7 43.Rh2 Rd8 44.Kg1
Qa8 45.Rb2 d4 46.exd4 Rxd4 47.Bf1 Qd8 48.Rb1 g5 49.Qf3 Rd2 50.Qe3 Rd1 51.Rxd1
Qxd1 52.Qd3 Qe1 53.Kg2 c4 54.Qd6 Qe4+ 55.Kh2 Qd5 56.Qe7+ Kg8 57.Qxg5+ Kf8 58.Be2
Qd2 59.Qf6+ Bf7 60.Qh8+ Ke7 61.Qf6+ Kf8 62.Qh8+ Ke7 63.Qf6+ Kf8 64.Qh8+

[Event "Bundesliga B Mitte 2008/2009"]
[Site "Leoben"]
[Date "2009.02.01"]
[Round "6"]
[Board "5"]
[White "Wegerer, Fred"]
[Black "Singer, Richard"]
[Result "1-0"]
[WhiteElo "2239"]
[BlackElo "2280"]
[PlyCount "53"]
[EventDate "2008.10.11"]
[EventType "team"]
[EventRounds "11"]
[EventCountry "AUT"]
[WhiteTeam "ZH- Technologies Wolfsberg"]
[BlackTeam "ESV Austria Graz"]

1.Nf3 e6 2.c4 Nf6 3.e3 b6 4.Be2 Bb7 5.O-O Be7 6.Nc3 O-O 7.b3 Ne4 8.Nxe4 Bxe4
9.Bb2 c5 10.d4 d6 11.Nd2 Bc6 12.Qc2 Nd7 13.Rad1 Qc8 14.Bd3 h6 15.f4 Qb7 16.Bh7+
Kh8 17.Be4 cxd4 18.Bxd4 Bxe4 19.Nxe4 f5 20.Ng3 Kh7 21.e4 g6 22.exf5 exf5 23.Rfe1
Bh4 24.Re6 Qc7 25.Qe2 Rf7 26.Rxg6 Bxg3 27.Qh5

[Event "Bundesliga B Mitte 2008/2009"]
[Site "Leoben"]
[Date "2009.02.01"]
[Round "6"]
[Board "6"]
[White "Kubinger, Thomas"]
[Black "Waldmann, Gerald"]
[Result "0-1"]
[WhiteElo "2200"]
[BlackElo "2188"]
[PlyCount "42"]
[EventDate "2008.10.11"]
[EventType "team"]
[EventRounds "11"]
[EventCountry "AUT"]
[WhiteTeam "ESV Austria Graz"]
[BlackTeam "ZH- Technologies Wolfsberg"]

1.d4 d5 2.c4 c6 3.Nf3 Nf6 4.e3 a6 5.Nc3 b5 6.b3 Bg4 7.h3 Bxf3 8.Qxf3 e5 9.dxe5
Bb4 10.Bd2 Bxc3 11.Bxc3 Ne4 12.Bb4 bxc4 13.bxc4 Qb6 14.a3 a5 15.cxd5 cxd5 16.Qd1
axb4 17.Qxd5 Rxa3 18.Bb5+ Ke7 19.Rxa3 bxa3 20.O-O Nc3 21.Qc4 Nxb5

[Event "Bundesliga B Mitte 2008/2009"]
[Site "Leoben"]
[Date "2009.02.01"]
[Round "6"]
[Board "2"]
[White "Sandhoefner, Florian"]
[Black "Kreisl, Robert"]
[Result "1/2-1/2"]
[WhiteElo "2246"]
[BlackElo "2394"]
[PlyCount "21"]
[EventDate "2008.10.11"]
[EventType "team"]
[EventRounds "11"]
[EventCountry "AUT"]
[WhiteTeam "ASK St. Valentin"]
[BlackTeam "Kl. Zeitung MPOE Maria Saal"]

1.e4 c5 2.Nf3 Nc6 3.d4 cxd4 4.Nxd4 e6 5.Nb5 d6 6.Bf4 e5 7.Be3 Nf6 8.Bg5 a6
9.N5c3 Be7 10.Nd2 Be6 11.Bxf6

[Event "Bundesliga B Mitte 2008/2009"]
[Site "Leoben"]
[Date "2009.02.01"]
[Round "6"]
[Board "3"]
[White "Schachinger, Mario"]
[Black "Tober, Gerhard"]
[Result "1-0"]
[WhiteElo "2336"]
[BlackElo "2318"]
[PlyCount "91"]
[EventDate "2008.10.11"]
[EventType "team"]
[EventRounds "11"]
[EventCountry "AUT"]
[WhiteTeam "Kl. Zeitung MPOE Maria Saal"]
[BlackTeam "ASK St. Valentin"]

1.d4 c6 2.c4 d5 3.Nf3 e6 4.e3 Nd7 5.Nc3 Ngf6 6.Qc2 Bd6 7.b3 Qe7 8.Be2 O-O 9.O-O
dxc4 10.bxc4 e5 11.dxe5 Nxe5 12.Bb2 Nfg4 13.g3 Nxf3+ 14.Bxf3 Ne5 15.Be2 Ba3
16.Bxa3 Qxa3 17.Rfd1 Qe7 18.Qe4 Bh3 19.f4 Ng6 20.Qxe7 Nxe7 21.g4 Rad8 22.Kf2 f5
23.g5 Bg4 24.Bxg4 fxg4 25.Ne2 Nf5 26.c5 Rfe8 27.Rxd8 Rxd8 28.e4 Nd4 29.Rd1 Ne6
30.Rxd8+ Nxd8 31.Nd4 b6 32.cxb6 axb6 33.Kg3 c5 34.Nb5 Nc6 35.Kxg4 g6 36.a4 Na5
37.h4 Nc4 38.h5 Nd2 39.Nc3 Nc4 40.h6 Nd6 41.f5 Kf7 42.Kf4 c4 43.Ke5 Nb7 44.Kd5
Na5 45.f6 Ke8 46.e5

[Event "Bundesliga B Mitte 2008/2009"]
[Site "Leoben"]
[Date "2009.02.01"]
[Round "6"]
[Board "4"]
[White "Kranzl, Peter"]
[Black "Reschun, Sascha"]
[Result "1/2-1/2"]
[WhiteElo "2279"]
[BlackElo "2246"]
[PlyCount "30"]
[EventDate "2008.10.11"]
[EventType "team"]
[EventRounds "11"]
[EventCountry "AUT"]
[WhiteTeam "ASK St. Valentin"]
[BlackTeam "Kl. Zeitung MPOE Maria Saal"]

1.e4 e6 2.d4 d5 3.Nd2 h6 4.Ngf3 Nf6 5.Bd3 c5 6.exd5 Nxd5 7.Nb3 Qc7 8.dxc5 Nd7
9.O-O Nxc5 10.Bb5+ Nd7 11.Re1 Be7 12.Ne5 O-O 13.Bxd7 Bxd7 14.c4 Nf6 15.Bf4 Qc8